000 00247nam a2200109Ia 4500
008 230907s9999||||xx |||||||||||||| ||und||
082 _a303.34
_bNOR
245 0 _aLeadership :
260 _aSAGE,
_bLondon :
_c2019
300 _a493 p.
942 _cBK
999 _c600446
_d600446